<?xml version="1.0" encoding="UTF-8"?>
<record
    xmlns:xsi="http://www.w3.org/2001/XMLSchema-instance"
    xsi:schemaLocation="http://www.loc.gov/MARC21/slim http://www.loc.gov/standards/marcxml/schema/MARC21slim.xsd"
    xmlns="http://www.loc.gov/MARC21/slim">

  <leader>01341nam a22002657a 4500</leader>
  <controlfield tag="001">000017099</controlfield>
  <controlfield tag="003">DO-SdBNP</controlfield>
  <controlfield tag="005">20240513183244.0</controlfield>
  <controlfield tag="007">ta</controlfield>
  <controlfield tag="008">100317e1977    sp a   b      001 0 spa d</controlfield>
  <datafield tag="040" ind1=" " ind2=" ">
    <subfield code="a">DO-SdBNP</subfield>
    <subfield code="b">spa</subfield>
    <subfield code="c">BNPHU</subfield>
  </datafield>
  <datafield tag="082" ind1=" " ind2="4">
    <subfield code="a">372.6</subfield>
    <subfield code="b">L566p</subfield>
    <subfield code="2">22</subfield>
  </datafield>
  <datafield tag="245" ind1="0" ind2="0">
    <subfield code="a">Lenguaje 2do.. curso, educaci&#xF3;n primaria :</subfield>
    <subfield code="b">libro del alumno</subfield>
    <subfield code="c">revisi&#xF3;n t&#xE9;cnica Margarita Vallejo de Paredes</subfield>
  </datafield>
  <datafield tag="260" ind1=" " ind2=" ">
    <subfield code="a">Santo Domingo :</subfield>
    <subfield code="b">Edyca,</subfield>
    <subfield code="c">1977.</subfield>
  </datafield>
  <datafield tag="300" ind1=" " ind2=" ">
    <subfield code="a">104 p. :</subfield>
    <subfield code="b">il. ;</subfield>
    <subfield code="c">28 cm.</subfield>
  </datafield>
  <datafield tag="500" ind1=" " ind2=" ">
    <subfield code="a">El material did&#xE1;ctico para los dos primeros cursos de Educaci&#xF3;n Primaria (Libros del alumno, cuadernos y gu&#xED;as para el maestro) ha sido creado en el Departamento de Investigaciones Educativas de EDYCA - Editorial Dominicana y del Caribe -  utilizando las experiencias, materiales y asesoramiento desarrollados por Educaci&#xF3;n Santillana en Espa&#xF1;a y Latinoam&#xE9;rica, por el siguiente equipo:  Ernestina Grullon, Luisa Maria Altagracia, Argentina Bejaran de Rodriguez, Germecinda LLaverias Colon, Celia Moyano, Ana Silvente.</subfield>
  </datafield>
  <datafield tag="505" ind1="2" ind2=" ">
    <subfield code="a">Gu&#xED;a para el maestro</subfield>
  </datafield>
  <datafield tag="590" ind1=" " ind2=" ">
    <subfield code="a">Inventariado, 2022 / DG</subfield>
  </datafield>
  <datafield tag="650" ind1="1" ind2="4">
    <subfield code="a">Espa&#xF1;ol</subfield>
    <subfield code="x">Ense&#xF1;anza b&#xE1;sica</subfield>
    <subfield code="9">36379</subfield>
  </datafield>
  <datafield tag="650" ind1="1" ind2="4">
    <subfield code="a">Espa&#xF1;ol</subfield>
    <subfield code="x">Ense&#xF1;anza elemental </subfield>
    <subfield code="9">80031</subfield>
  </datafield>
  <datafield tag="650" ind1="4" ind2="4">
    <subfield code="a">Espa&#xF1;ol </subfield>
    <subfield code="x">Libros textos</subfield>
    <subfield code="9">80032</subfield>
  </datafield>
  <datafield tag="650" ind1="4" ind2="0">
    <subfield code="a">Educaci&#xF3;n primaria </subfield>
    <subfield code="9">1420</subfield>
  </datafield>
  <datafield tag="910" ind1=" " ind2=" ">
    <subfield code="a">DG</subfield>
  </datafield>
  <datafield tag="942" ind1=" " ind2=" ">
    <subfield code="2">ddc</subfield>
    <subfield code="c">LBS1</subfield>
  </datafield>
  <datafield tag="952" ind1=" " ind2=" ">
    <subfield code="0">0</subfield>
    <subfield code="1">0</subfield>
    <subfield code="2">ddc</subfield>
    <subfield code="5">1</subfield>
    <subfield code="7">0</subfield>
    <subfield code="8">MO</subfield>
    <subfield code="a">BNPHU</subfield>
    <subfield code="b">PD</subfield>
    <subfield code="c">CT</subfield>
    <subfield code="l">0</subfield>
    <subfield code="o">BNPHU PD 372.6 L566p</subfield>
    <subfield code="p">2022-0580</subfield>
    <subfield code="r">2022-02-04</subfield>
    <subfield code="w">2022-02-04</subfield>
    <subfield code="y">LBS1</subfield>
  </datafield>
  <datafield tag="952" ind1=" " ind2=" ">
    <subfield code="0">0</subfield>
    <subfield code="1">0</subfield>
    <subfield code="2">ddc</subfield>
    <subfield code="5">1</subfield>
    <subfield code="7">0</subfield>
    <subfield code="8">MO</subfield>
    <subfield code="a">BNPHU</subfield>
    <subfield code="b">PD</subfield>
    <subfield code="c">CT</subfield>
    <subfield code="l">0</subfield>
    <subfield code="o">BNPHU PD 372.6 L566p</subfield>
    <subfield code="p">2022-0581</subfield>
    <subfield code="r">2022-02-04</subfield>
    <subfield code="t">e.2</subfield>
    <subfield code="w">2022-02-04</subfield>
    <subfield code="y">LBS1</subfield>
  </datafield>
  <datafield tag="999" ind1=" " ind2=" ">
    <subfield code="c">51337</subfield>
    <subfield code="d">51337</subfield>
  </datafield>
</record>
